Wedding cakes and cultural history

Αποθηκεύτηκε σε:
Λεπτομέρειες βιβλιογραφικής εγγραφής
Κύριος συγγραφέας: Charsley, S. R.
Μορφή: Βιβλίο
Γλώσσα:English
Δημοσίευση: London : Routledge, 1992
Θέματα:
Ετικέτες: Προσθήκη ετικέτας
Δεν υπάρχουν, Καταχωρήστε ετικέτα πρώτοι!

MARC

LEADER 00000nam a2200000 i 4500
001 1/62627
008 930920s eng d
020 |a 0-415-02649-0 
035 |a ΛΕΣΒΟΣb10001073  |l 10001073 
040 |a GR-MY-UA  |b gre  |e aacr 
041 0 |a eng 
082 0 |a 392.5 
100 1 |a Charsley, S. R. 
245 1 0 |a Wedding cakes and cultural history /  |c Simon R. Charsley 
260 |a London :   |b Routledge,   |c 1992 
300 |a 162 p. 
504 |a Includes bibliographical references and index  
650 0 0 |a Wedding cakes  |z Great Britain  |x History. 
650 0 0 |a Wedding cakes  |z Great Britain  |x Social aspects. 
650 0 0 |a Wedding cakes  |x History. 
650 0 0 |a Wedding cakes  |x Social aspects. 
852 |a INST  |b LESVOS  |e 19930920  |h 392.5 CHA  |p 005100004016  |q 005100004016  |t BK  |y 0 
909 |a Λ  |b 028747